00225nam a2200097Ia 4500008004100000041000800041082000800049100002500057245001200082260003300094221102s9999 xx 000 0 und d aeng bPad aPadmanabhan Manjula aHarvest bHhachette indiac1905-07-09